000 00776nam a2200217Ia 4500
003 GCL
008 140319s9999 xx 000 0 ara d
040 _aGCL /
_cGCL
082 0 4 _a940.3
_bج ا
100 1 _aجلال الدين مصطفى يحيى
245 1 0 _aاوربا فى العصور الحديثة منذ الحرب العالمية الاولى /
_cجلال الدين مصطفى يحيى
260 _a[S.N] :
_bالهيئة المصرية العامة للكتاب ،
_c1982
300 _a471 ص
490 _a
650 0 4 _aالعصر الحديث
650 0 4 _aتاريخ
650 0 4 _aاوربا
650 0 4 _aالحرب العالمية الاولى 1914- 1918
650 0 4 _aالحرب العالمية الثانية 1939 - 1945
942 _2ddc
_cBK
999 _c59081
_d59081